01198nam a2200277Ia 4500001001200000003000800012006001900020007001500039008004100054020002200095020002500117040002100142035002100163050002200184245018400206246003700390260003100427300005100458504005100509533015200560650001900712650001700731655002900748710001700777856012600794ebr10270887CaPaEBRm u cr cn|||||||||080112s2008 enkac sb 001 0 eng d z1845298047 (pbk.) z9781845298043 (pbk.) aCaPaEBRcCaPaEBR a(OCoLC)50098192514aB802b.B75 2008eb04aThe Britannica guide to the ideas that made the modern worldh[electronic resource] :bthe people, philosophy, and history of the Enlightenment /c[introduction by A.C. Grayling].3 aIdeas that made the modern world aLondon :bRobinson,c2008. axxix, 369 p., [8] p. of plates :bill., ports. aIncludes bibliographical references and index. aElectronic reproduction.bPalo Alto, Calif. :cebrary,d2009.nAvailable via World Wide Web.nAccess may be limited to ebrary affiliated libraries. 0aEnlightenment. 0aRationalism. 7aElectronic books.2local2 aebrary, Inc.40uhttp://site.ebrary.com/lib/rucke/Doc?id=10270887zAn electronic book accessible through the World Wide Web; click to view